|
|
|
|
| LEADER |
00000cam a2200000 7i4500 |
| 001 |
0000003899 |
| 005 |
20110908.0 |
| 020 |
0 |
0 |
|a 9789675221033
|
| 090 |
0 |
0 |
|a 615.321
|b MAS 2008
|
| 100 |
1 |
0 |
|a Mastura M
|
| 245 |
1 |
0 |
|a Khazanah alam :
|b untuk kesihatan dan kecantikan
|c Mastura M, Izanudin Z & Mirfat A.H.S
|
| 260 |
0 |
0 |
|a Kepong: Selangor :
|b Institut Penyelidikan Perhutanan Malaysia ,
|c 2008
|
| 300 |
|
|
|a xii, 88 p. :
|b il. col. ;
|c 24cm.
|
| 500 |
0 |
0 |
|a Includes index
|
| 650 |
0 |
0 |
|a Herbs
|
| 650 |
0 |
0 |
|a Medicinal plants
|
| 700 |
0 |
1 |
|a Izanudin Z
|
| 700 |
0 |
1 |
|a Mirfat A.H.S
|
| 999 |
|
|
|a 007680
|b Monograph
|c Open Shelf
|e Default branch
|